[Event "DSOL 04 Liga Gr-D 1st"]
[Site "Playchess.com INT"]
[Date "2020.07.31"]
[Round "6.1"]
[White "Rink, Florian"]
[Black "Mueller, Adrian"]
[Result "0-1"]
[WhiteElo "1891"]
[BlackElo "2026"]
[PlyCount "104"]
[EventDate "2020.06.22"]
[EventType "team-tourn (rapid)"]
[EventCountry "GER"]
[SourceTitle "EXT 2021"]
[Source "ChessBase"]
[SourceDate "2020.10.23"]
[SourceVersion "1"]
[SourceVersionDate "2020.10.23"]
[SourceQuality "1"]
[WhiteTeam "Merzhausen Schwarz Weiss"]
[BlackTeam "Leverkusen Fideler Bauer"]
[WhiteTeamCountry "GER"]
[BlackTeamCountry "GER"]

1. d4 Nf6 2. c4 e6 3. Nc3 Bb4 4. Qc2 0-0 5. a3 Bxc3+ 6. Qxc3 b6 7. f3 d5 8. e3 Ba6 9. Bd3 c5 10. Ne2 cxd4 11. exd4 Nc6 12. Bg5 Ne4 13. fxe4 Qxg5 14. cxd5 Bxd3 15. Qxd3 exd5 16. exd5 Qxd5 17. 0-0 Rad8 18. Rad1 Rfe8 19. Rf5 Qe4 20. Qxe4 Rxe4 21. Rc1 Nxd4 22. Nxd4 Rexd4 23. Rc7 R4d7 24. Rxd7 Rxd7 25. Re5 f6 26. Re2 Kf7 27. Kf2 h5 28. Rc2 g5 29. Ke3 Ke6 30. Rc6+ Ke5 31. Rc8 Rd5 32. Rc7 a5 33. Rc4 f5 34. Rc8 Rb5 35. Rc2 Rb3+ 36. Ke2 h4 37. Kf2 g4 38. Ke2 Kd4 39. Rd2+ Ke4 40. Rc2 f4 41. Rc4+ Ke5 42. Rc2 Kd4 43. Rd2+ Ke4 44. Rc2 h3 45. gxh3 Rxh3 46. Rc4+ Ke5 47. b4 Rxh2+ 48. Kf1 g3 49. bxa5 bxa5 50. Rc5+ Ke4 51. Rxa5 Kf3 52. Kg1 Rd2 0-1

[Event "GER-ch Net Amateur Gr-A Vor2"]
[Site "Playchess.com INT"]
[Date "2020.04.15"]
[Round "5"]
[White "Vatter, Hans Joachim"]
[Black "Mueller, Adrian"]
[Result "1-0"]
[WhiteElo "2217"]
[BlackElo "2007"]
[PlyCount "61"]
[EventDate "2020.04.15"]
[EventType "swiss (blitz)"]
[EventRounds "9"]
[EventCountry "GER"]
[SourceTitle "CBM 196 Extra"]
[Source "ChessBase"]
[SourceDate "2020.07.31"]
[SourceVersion "1"]
[SourceVersionDate "2020.07.31"]
[SourceQuality "1"]

1. e4 c5 2. Nf3 Nf6 3. e5 Nd5 4. c3 Nc6 5. d4 cxd4 6. cxd4 d6 7. Bc4 Nb6 8. Bb5 a6 9. Bxc6+ bxc6 10. 0-0 g6 11. h3 Bg7 12. Qe2 0-0 13. Re1 h6 14. Nc3 Be6 15. b3 Nd5 16. Bd2 Nxc3 17. Bxc3 Bd5 18. Nd2 Re8 19. Ne4 Qd7 20. Rac1 a5 21. Rb1 a4 22. b4 Qe6 23. a3 Bc4 24. Qf3 Qd7 25. Re3 Bd5 26. Rbe1 Rec8 27. Qg3 c5 28. dxc5 Bxe4 29. Rxe4 d5 30. e6 dxe4 31. exd7 1-0

[Event "GER-ch Net Amateur Gr-A Vor1"]
[Site "Playchess.com INT"]
[Date "2020.04.14"]
[Round "6"]
[White "Henning, Marvin"]
[Black "Mueller, Adrian"]
[Result "0-1"]
[WhiteElo "2290"]
[BlackElo "1988"]
[PlyCount "130"]
[EventDate "2020.04.14"]
[EventType "swiss (blitz)"]
[EventRounds "9"]
[EventCountry "GER"]
[SourceTitle "EXT 2021"]
[Source "ChessBase"]
[SourceDate "2020.10.23"]
[SourceVersion "1"]
[SourceVersionDate "2020.10.23"]
[SourceQuality "1"]

1. e4 c5 2. Na3 Nf6 3. e5 Nd5 4. Nf3 Nc6 5. Bb5 g6 6. c3 Bg7 7. d4 cxd4 8. cxd4 0-0 9. 0-0 a6 10. Bc4 Nb6 11. Be2 d6 12. exd6 Qxd6 13. Be3 Bg4 14. Nc2 Rad8 15. Rc1 Nd5 16. Bg5 h6 17. Bh4 Nf4 18. Bg3 Nxe2+ 19. Qxe2 Qd5 20. Rfd1 Rfe8 21. Ne3 Bxf3 22. gxf3 Nxd4 23. Qf1 Qxf3 24. Re1 Rd7 25. Rc4 Red8 26. Qg2 b5 27. Rc5 Qf6 28. Ng4 Qb6 29. Rcc1 Qb7 30. Qxb7 Rxb7 31. Kg2 Rbd7 32. Be5 Bxe5 33. Nxe5 Rd6 34. Nc6 Nxc6 35. a3 e6 36. Rc3 Nd4 37. Rc7 R8d7 38. Rc8+ Kg7 39. Rc3 Nf5 40. b3 Rd3 41. Rec1 Rxc3 42. Rxc3 Kf6 43. a4 bxa4 44. bxa4 Rd4 45. Ra3 Nd6 46. Ra1 a5 47. Kf3 g5 48. Ke3 Nf5+ 49. Ke2 Ke5 50. Kf3 g4+ 51. Kg2 Nh4+ 52. Kg3 Rd3+ 53. Kxh4 Kf5 54. f3 Rxf3 55. Rf1 Rxf1 56. Kh5 Rf3 57. h4 Rh3 58. Kxh6 Rxh4+ 59. Kg7 g3 60. Kf8 g2 61. Ke7 g1Q 62. Ke8 Qa7 63. Kf8 f6 64. Kg8 Rh7 65. Kf8 Rh8# 0-1

[Event "GER-ch Net blitz qual5"]
[Site "Playchess.com INT"]
[Date "2020.03.28"]
[Round "13"]
[White "Buchenau, Frank"]
[Black "Mueller, Adrian"]
[Result "1/2-1/2"]
[WhiteElo "2272"]
[BlackElo "1975"]
[PlyCount "164"]
[EventDate "2020.03.28"]
[EventType "swiss (blitz)"]
[EventRounds "13"]
[EventCountry "GER"]
[SourceTitle "CBM 195 Extra"]
[Source "ChessBase"]
[SourceDate "2020.05.31"]
[SourceVersion "1"]
[SourceVersionDate "2020.05.31"]
[SourceQuality "1"]

1. e4 c5 2. Nf3 Nf6 3. e5 Nd5 4. Nc3 Nxc3 5. dxc3 Nc6 6. Bf4 Qc7 7. Qd2 e6 8. 0-0-0 b6 9. Bd3 Bb7 10. Rhe1 h6 11. h4 0-0-0 12. Be4 Ne7 13. Bxb7+ Kxb7 14. c4 Qc6 15. h5 Nf5 16. Qe2 d5 17. exd6 Bxd6 18. Bxd6 Rxd6 19. Ne5 Qc7 20. Qf3+ Kb8 21. Rxd6 Nxd6 22. b3 Qb7 23. Qf4 Rd8 24. Rd1 Qc7 25. g4 f6 26. Ng6 e5 27. Qf3 Qb7 28. Rd5 Nf7 29. Qd3 Rxd5 30. cxd5 Kc7 31. c4 Nd6 32. f4 e4 33. Qe3 Qa6 34. Kb2 Qxc4 35. bxc4 Nxc4+ 36. Kc3 Nxe3 37. Ne7 Kd6 38. Nc8+ Kxd5 39. Nxa7 Ng2 40. f5 Ne3 41. a4 Nxg4 42. Nc8 Kc6 43. Kc4 Ne5+ 44. Kc3 b5 45. Na7+ Kb6 46. Nxb5 Ka5 47. Nd6 Kxa4 48. Nxe4 Kb5 49. Nd6+ Kc6 50. Ne8 Nf3 51. Nxg7 Nd4 52. Kc4 Kd6 53. Ne8+ Kc6 54. Ng7 Nf3 55. Ne8 Ne5+ 56. Kc3 Ng4 57. Kc4 Ne3+ 58. Kd3 Nxf5 59. Nxf6 Kd6 60. Kc4 Ke6 61. Ng4 Kd6 62. Nf6 Kc6 63. Ng4 Nd6+ 64. Kd3 Nf7 65. Kc4 Kd6 66. Nf6 Ke6 67. Ne4 Kf5 68. Nxc5 Kg5 69. Ne6+ Kxh5 70. Kd4 Kg4 71. Ng7 Ng5 72. Ke5 Nh7 73. Ke6 Kg5 74. Kf7 Nf6 75. Ne6+ Kf5 76. Ng7+ Ke5 77. Kg6 Ng4 78. Kh5 Kf4 79. Ne6+ Kf5 80. Ng7+ Kf4 81. Ne6+ Kg3 82. Ng7 Kf4 1/2-1/2

[Event "GER-ch Net blitz qual5"]
[Site "Playchess.com INT"]
[Date "2020.03.28"]
[Round "5"]
[White "Fischer, Stefan Joachim"]
[Black "Mueller, Adrian"]
[Result "0-1"]
[WhiteElo "1673"]
[BlackElo "1975"]
[PlyCount "66"]
[EventDate "2020.03.28"]
[EventType "swiss (blitz)"]
[EventRounds "13"]
[EventCountry "GER"]
[SourceTitle "CBM 195 Extra"]
[Source "ChessBase"]
[SourceDate "2020.05.31"]
[SourceVersion "1"]
[SourceVersionDate "2020.05.31"]
[SourceQuality "1"]

1. e4 c5 2. Nf3 Nf6 3. d3 Nc6 4. g3 d5 5. e5 Nd7 6. Qe2 e6 7. Bg2 Be7 8. 0-0 0-0 9. c4 b6 10. Nc3 d4 11. Nd5 exd5 12. cxd5 Ncxe5 13. Nxe5 Nxe5 14. Qxe5 Bd6 15. Qh5 Ba6 16. Be4 g6 17. Qd1 Re8 18. Re1 Qd7 19. Bh6 f5 20. Bg2 Rxe1+ 21. Qxe1 Bxd3 22. Qd2 Ba6 23. b4 Re8 24. a4 cxb4 25. Rc1 Bc5 26. h4 Re2 27. Qg5 d3 28. d6 Qxd6 29. h5 d2 30. Rxc5 d1Q+ 31. Kh2 bxc5 32. hxg6 Qxg6 33. Qxg6+ hxg6 0-1

[Event "GER-ch Net blitz qual5"]
[Site "Playchess.com INT"]
[Date "2020.03.28"]
[Round "7"]
[White "Kleeschaetzky, Rainer"]
[Black "Mueller, Adrian"]
[Result "1/2-1/2"]
[WhiteElo "2293"]
[BlackElo "1975"]
[PlyCount "184"]
[EventDate "2020.03.28"]
[EventType "swiss (blitz)"]
[EventRounds "13"]
[EventCountry "GER"]
[SourceTitle "CBM 195 Extra"]
[Source "ChessBase"]
[SourceDate "2020.05.31"]
[SourceVersion "1"]
[SourceVersionDate "2020.05.31"]
[SourceQuality "1"]

1. e4 c5 2. c3 Nf6 3. e5 Nd5 4. Nf3 Nc6 5. d4 cxd4 6. cxd4 d6 7. Bc4 Nb6 8. Bb5 a6 9. Bd3 g6 10. 0-0 Bg7 11. Bf4 dxe5 12. dxe5 0-0 13. Nc3 Bg4 14. Be4 Bxf3 15. Qxf3 Nxe5 16. Bxe5 Bxe5 17. Bxb7 Rb8 18. Bxa6 e6 19. Rfd1 Qe7 20. Rac1 Rfd8 21. h3 Kg7 22. Be2 Rbc8 23. Rxd8 Rxd8 24. Rd1 Rxd1+ 25. Bxd1 Qb4 26. Qe3 Nc4 27. Qe4 Qxb2 28. Qxc4 Qxc3 29. Qxc3 Bxc3 30. a4 Ba5 31. Kf1 e5 32. Ke2 f6 33. Kd3 Kf7 34. Kc4 Ke7 35. Kb5 Be1 36. f3 Kd8 37. Kc6 Bb4 38. Bc2 Kc8 39. h4 Kd8 40. h5 gxh5 41. Bxh7 h4 42. Bf5 Bc3 43. Kd6 Ke8 44. Ke6 e4 45. Bxe4 Kd8 46. Kd6 Bb4+ 47. Kc6 Kc8 48. Bf5+ Kb8 49. Kb5 Bc3 50. a5 Kc7 51. a6 Bd4 52. Bd3 Be3 53. Kc4 Kd6 54. Be4 Ba7 55. Bf5 Be3 56. Kd3 Ba7 57. Ke4 Bb6 58. Kf4 Ba7 59. Be4 Ke6 60. Kg4 Bf2 61. f4 Kf7 62. Kh5 Kg7 63. Bd5 Kh7 64. Bf7 Kg7 65. Bg6 Kf8 66. Kh6 Ba7 67. Bh5 Bd4 68. Kg6 Ke7 69. Bg4 Ba7 70. Be2 Be3 71. Bc4 Ba7 72. Kh5 Bf2 73. a7 Bxa7 74. Kxh4 Kf8 75. Kg4 Kg7 76. Kf5 Bd4 77. g4 Bc3 78. Bd3 Bb2 79. Ke6 Ba1 80. Kf5 Bb2 81. g5 fxg5 82. fxg5 Bc3 83. g6 Bb2 84. Kg5 Bc3 85. Kf5 Bb2 86. Kg5 Bc3 87. Kf4 Bb2 88. Kf5 Ba3 89. Kg5 Bb2 90. Kh5 Bc3 91. Kg5 Bd4 92. Kf5 Bb2 1/2-1/2

[Event "GER-ch Net blitz qual4"]
[Site "Playchess.com INT"]
[Date "2020.03.23"]
[Round "1"]
[White "Donchenko, Alexander"]
[Black "Mueller, Adrian"]
[Result "1-0"]
[WhiteElo "2648"]
[BlackElo "1975"]
[PlyCount "79"]
[EventDate "2020.03.23"]
[EventType "swiss (blitz)"]
[EventRounds "9"]
[EventCountry "GER"]
[SourceTitle "CBM 195 Extra"]
[Source "ChessBase"]
[SourceDate "2020.05.31"]
[SourceVersion "1"]
[SourceVersionDate "2020.05.31"]
[SourceQuality "1"]

1. e4 c5 2. Nf3 Nc6 3. Bb5 g6 4. Bxc6 bxc6 5. 0-0 Bg7 6. c3 Nf6 7. Re1 0-0 8. d4 cxd4 9. cxd4 d6 10. Nc3 Rb8 11. b3 Nd7 12. Bg5 h6 13. Be3 Qa5 14. Qd2 Kh7 15. Rac1 Bb7 16. Bf4 Rbd8 17. Qc2 e5 18. Be3 Rfe8 19. dxe5 Nxe5 20. Nxe5 Bxe5 21. f3 d5 22. Na4 dxe4 23. Nc5 Ba8 24. Nxe4 Kg7 25. Kh1 Qd5 26. Red1 Qe6 27. Rxd8 Rxd8 28. Rd1 Rxd1+ 29. Qxd1 Qe7 30. Bd4 f6 31. Bxe5 fxe5 32. Qc1 Bb7 33. h3 a5 34. Qc3 a4 35. bxa4 Kh7 36. a5 Qc7 37. Qc5 Bc8 38. Qb6 Qf7 39. Qxc6 Bd7 40. Qxd7 1-0

[Event "GER-ch Net blitz qual3"]
[Site "Playchess.com INT"]
[Date "2020.03.21"]
[Round "2"]
[White "Mueller, Adrian"]
[Black "Haubold, Christian Lucas"]
[Result "1-0"]
[WhiteElo "1975"]
[BlackElo "1548"]
[PlyCount "125"]
[EventDate "2020.03.21"]
[EventType "swiss (blitz)"]
[EventRounds "9"]
[EventCountry "GER"]
[SourceTitle "CBM 195 Extra"]
[Source "ChessBase"]
[SourceDate "2020.05.31"]
[SourceVersion "1"]
[SourceVersionDate "2020.05.31"]
[SourceQuality "1"]

1. e4 c5 2. Nf3 d6 3. d4 cxd4 4. Nxd4 Nf6 5. Nc3 g6 6. Be3 Bg7 7. f3 0-0 8. Qd2 Nc6 9. 0-0-0 Bd7 10. Bc4 Rc8 11. Bb3 Nxd4 12. Bxd4 b5 13. Kb1 a5 14. Nd5 Nxd5 15. Bxg7 Kxg7 16. Bxd5 Qb6 17. a3 Rc7 18. h4 Rfc8 19. h5 Rxc2 20. Qxc2 Rxc2 21. Kxc2 Qf2+ 22. Rd2 Qc5+ 23. Kb1 b4 24. hxg6 hxg6 25. axb4 Qxb4 26. Rhd1 Ba4 27. Rd4 Qb5 28. R1d3 e5 29. Rc4 Bb3 30. Rcc3 Bxd5 31. Rxd5 Qf1+ 32. Ka2 Qxg2 33. Rxa5 Qd2 34. Rd5 Qe2 35. Rxd6 Qb5 36. Rd5 Qa4+ 37. Kb1 Qe8 38. Rcc5 f6 39. Kc2 Kh6 40. b4 Kg5 41. Kc3 Qe6 42. b5 Qh3 43. Rd3 Qe6 44. Rc6 Qe8 45. Rdd6 Qb8 46. b6 Qa8 47. Kb4 Qb7 48. Kb5 Kf4 49. Rxf6+ Ke3 50. Rc7 Qa8 51. Rxg6 Kxf3 52. Rgg7 Kxe4 53. b7 Qa7 54. Rc8 Kd4 55. b8Q Qxg7 56. Qd6+ Ke4 57. Rc4+ Kf5 58. Qd3+ Ke6 59. Rc6+ Kf7 60. Rc7+ Kf6 61. Qf3+ Ke6 62. Rxg7 Kd6 63. Qc6# 1-0

[Event "GER-ch Net blitz qual3"]
[Site "Playchess.com INT"]
[Date "2020.03.21"]
[Round "7"]
[White "Mueller, Adrian"]
[Black "Kersten, Uwe"]
[Result "0-1"]
[WhiteElo "1975"]
[BlackElo "2252"]
[PlyCount "150"]
[EventDate "2020.03.21"]
[EventType "swiss (blitz)"]
[EventRounds "9"]
[EventCountry "GER"]
[SourceTitle "CBM 195 Extra"]
[Source "ChessBase"]
[SourceDate "2020.05.31"]
[SourceVersion "1"]
[SourceVersionDate "2020.05.31"]
[SourceQuality "1"]

1. e4 e6 2. d4 d5 3. Nc3 Nc6 4. Nf3 Nf6 5. Bd3 Bb4 6. e5 Ne4 7. Bd2 Bxc3 8. bxc3 Nxd2 9. Qxd2 Na5 10. 0-0 b6 11. Qe2 Bb7 12. Rfe1 Qd7 13. a4 0-0-0 14. Ba6 Kb8 15. Reb1 Qc8 16. Bd3 h6 17. Nd2 Qd7 18. Nb3 Nc4 19. Bxc4 dxc4 20. Qxc4 f6 21. a5 fxe5 22. axb6 cxb6 23. Rb2 Rc8 24. Qe2 Qd5 25. f3 Rxc3 26. dxe5 Rf8 27. Rd1 Qc4 28. Qxc4 Rxc4 29. Rd7 Rc7 30. Rxc7 Kxc7 31. Nd4 Bd5 32. Nb5+ Kb8 33. Nd6 Rf4 34. Kf2 Ra4 35. Ne8 g5 36. Nf6 Kc7 37. Ng8 h5 38. c3 Ra3 39. Rc2 Bb3 40. Rc1 Ra2+ 41. Kg3 h4+ 42. Kh3 Bc2 43. Nh6 a5 44. Nf7 a4 45. Nxg5 Bb3 46. Ne4 a3 47. c4 Rb2 48. c5 b5 49. Nc3 a2 50. Nxa2 Rxa2 51. Kxh4 Bc2 52. g4 b4 53. Kg5 b3 54. Kf6 b2 55. Rg1 Ra3 56. f4 Rd3 57. g5 Bd1 58. g6 b1Q 59. g7 Rd7 60. Rg5 Rxg7 61. Rxg7+ Kc6 62. Kxe6 Bb3+ 63. Kf6 Qe4 64. f5 Bc2 65. Rg5 Kd5 66. e6 Qe5+ 67. Kf7 Bxf5 68. e7 Qe6+ 69. Kf8 Qf6+ 70. Ke8 Qxg5 71. Kd8 Kc6 72. h4 Qf6 73. h5 Kxc5 74. h6 Kd6 75. h7 Qxe7# 0-1

[Event "GER-ch Net blitz qual2"]
[Site "Playchess.com INT"]
[Date "2020.03.16"]
[Round "5"]
[White "Hassemeier, Mika"]
[Black "Mueller, Adrian"]
[Result "1-0"]
[WhiteElo "2072"]
[BlackElo "1975"]
[PlyCount "45"]
[EventDate "2020.03.16"]
[EventType "swiss (blitz)"]
[EventRounds "9"]
[EventCountry "GER"]
[SourceTitle "CBM 195 Extra"]
[Source "ChessBase"]
[SourceDate "2020.05.31"]
[SourceVersion "1"]
[SourceVersionDate "2020.05.31"]
[SourceQuality "1"]

1. d4 Nf6 2. c4 e6 3. Nc3 Bb4 4. Qc2 0-0 5. Nf3 b6 6. e4 d5 7. cxd5 exd5 8. e5 Ne4 9. Bd3 Bb7 10. 0-0 f5 11. exf6 Nxf6 12. Ng5 Qd7 13. Nxh7 Nxh7 14. Bxh7+ Kh8 15. f4 c5 16. Rf3 Rf6 17. Rh3 Qe7 18. Qf2 cxd4 19. Bg6+ Kg8 20. Rh8+ Kxh8 21. Qh4+ Kg8 22. Qh7+ Kf8 23. Qh8# 1-0

[Event "GER-ch Net blitz qual2"]
[Site "Playchess.com INT"]
[Date "2020.03.16"]
[Round "9"]
[White "Mueller, Adrian"]
[Black "Radek, Dieter"]
[Result "1-0"]
[WhiteElo "1975"]
[BlackElo "1859"]
[PlyCount "55"]
[EventDate "2020.03.16"]
[EventType "swiss (blitz)"]
[EventRounds "9"]
[EventCountry "GER"]
[SourceTitle "CBM 195 Extra"]
[Source "ChessBase"]
[SourceDate "2020.05.31"]
[SourceVersion "1"]
[SourceVersionDate "2020.05.31"]
[SourceQuality "1"]

1. e4 c5 2. Nf3 d6 3. d4 cxd4 4. Nxd4 Nf6 5. Nc3 a6 6. Be3 e5 7. Nb3 Be7 8. f3 Be6 9. Qd2 Nc6 10. 0-0-0 0-0 11. Nd5 Bxd5 12. exd5 Nb8 13. g4 b5 14. h4 a5 15. Kb1 a4 16. Nc1 b4 17. h5 b3 18. cxb3 axb3 19. Nxb3 Na6 20. g5 Nxd5 21. Qxd5 Nb4 22. Qc4 Nxa2 23. g6 Rc8 24. gxf7+ Kh8 25. Qe4 Qc7 26. Bd3 g6 27. hxg6 Rxf7 28. gxf7 1-0

[Event "GER-ch Net blitz qual2"]
[Site "Playchess.com INT"]
[Date "2020.03.16"]
[Round "3"]
[White "Mueller, Adrian"]
[Black "Zhou, Lepu Coco"]
[Result "1-0"]
[WhiteElo "1975"]
[BlackElo "1872"]
[PlyCount "69"]
[EventDate "2020.03.16"]
[EventType "swiss (blitz)"]
[EventRounds "9"]
[EventCountry "GER"]
[SourceTitle "CBM 195 Extra"]
[Source "ChessBase"]
[SourceDate "2020.05.31"]
[SourceVersion "1"]
[SourceVersionDate "2020.05.31"]
[SourceQuality "1"]

1. e4 e5 2. Nf3 Nc6 3. Bb5 a6 4. Ba4 Nf6 5. 0-0 Be7 6. Re1 b5 7. Bb3 0-0 8. h3 d6 9. c3 Na5 10. Bc2 c5 11. d4 Nd7 12. Nbd2 Bf6 13. Nf1 exd4 14. cxd4 g6 15. Bf4 Qb6 16. e5 dxe5 17. dxe5 Bg7 18. Ne3 Nc6 19. Nd5 Qa5 20. Bg3 c4 21. a3 Bb7 22. h4 Nb6 23. Nc3 Rfd8 24. Qe2 Nd5 25. Nxd5 Rxd5 26. e6 Nd4 27. exf7+ Kxf7 28. Qe7+ Kg8 29. Nxd4 Rxd4 30. Qxb7 Rf8 31. Re7 Bf6 32. Rxh7 Qd2 33. Bxg6 Rg4 34. Rh8+ Bxh8 35. Qh7# 1-0

[Event "Solingen Karneval op"]
[Site "Solingen"]
[Date "2015.02.14"]
[Round "2"]
[White "Mueller, Adrian"]
[Black "Coenen, Siegfried"]
[Result "0-1"]
[WhiteElo "1660"]
[BlackElo "1992"]
[PlyCount "38"]
[EventDate "2015.02.13"]
[EventType "swiss"]
[EventRounds "5"]
[EventCountry "GER"]
[SourceTitle "EXT 2016"]
[Source "ChessBase"]
[SourceDate "2015.10.08"]
[SourceVersion "1"]
[SourceVersionDate "2015.10.08"]
[SourceQuality "1"]

1. e4 e5 2. Nf3 Nf6 3. Nxe5 d6 4. Nf3 Nxe4 5. d4 d5 6. Bd3 Be7 7. 0-0 Nd7 8. c4 Ndf6 9. Nc3 Nxc3 10. bxc3 Bg4 11. Re1 0-0 12. h3 Bh5 13. cxd5 Nxd5 14. Bd2 c6 15. Rb1 b6 16. a4 Bd6 17. Bxh7+ Kxh7 18. Ng5+ Qxg5 19. Bxg5 Bxd1 0-1